Welcome to CU Library Online Public Access Catalogue (OPAC)

Synopsis of radiologic anatomy, with computed tomography / (Record no. 2206)

MARC details
000 -LEADER
fixed length control field 00665cam a2200229 a 4500
001 - CONTROL NUMBER
control field 4661934
005 - DATE AND TIME OF LATEST TRANSACTION
control field 20241214113137.0
008 - FIXED-LENGTH DATA ELEMENTS--GENERAL INFORMATION
fixed length control field 810828s1980 paua b 001 0 eng
020 ## - INTERNATIONAL STANDARD BOOK NUMBER
International Standard Book Number 072166296X
050 00 - LIBRARY OF CONGRESS CALL NUMBER
Classification number RC78
Item number .M3919 1980
082 00 - DEWEY DECIMAL CLASSIFICATION NUMBER
Classification number 611
Edition information 19
100 1# - MAIN ENTRY--PERSONAL NAME
Personal name Meschan, Isadore.
245 10 - TITLE STATEMENT
Title Synopsis of radiologic anatomy, with computed tomography /
Statement of responsibility, etc. Isadore Meschan.
250 ## - EDITION STATEMENT
Edition statement Rev. reprint.
260 ## - PUBLICATION, DISTRIBUTION, ETC.
Place of publication, distribution, etc. Philadelphia :
Name of publisher, distributor, etc. W. B. Saunders Company,
Date of publication, distribution, etc. 1980.
300 ## - PHYSICAL DESCRIPTION
Extent x, 762 p. :
Other physical details ill. ;
Dimensions 21 x 28 cm.
500 ## - GENERAL NOTE
General note Includes index.
650 #0 - SUBJECT ADDED ENTRY--TOPICAL TERM
Topical term or geographic name entry element Radiography, Medical.
650 #0 - SUBJECT ADDED ENTRY--TOPICAL TERM
Topical term or geographic name entry element Human anatomy.
650 #0 - SUBJECT ADDED ENTRY--TOPICAL TERM
Topical term or geographic name entry element Tomography.
942 ## - ADDED ENTRY ELEMENTS (KOHA)
Source of classification or shelving scheme Library of Congress Classification
Koha item type Books
Suppress in OPAC No
999 ## -
-- 2206
-- 2206
Holdings
Withdrawn status Lost status Source of classification or shelving scheme Damaged status Not for loan Collection Home library Current library Shelving location Date acquired Total checkouts Full call number Barcode Date last seen Copy number Price effective from Koha item type
    Library of Congress Classification     Non-fiction Science Library (Miotso) Science Library (Miotso) General stacks 12/14/2024   QM23.2 .M47 MES SLM00001384 12/14/2024 1 12/14/2024 Books
© 2023-2024 Copyright: Central University Libraries. All Rights Reserved | Created by: Mahone Tech Office